| 000 | 00754cam a2200241 4500 | ||
|---|---|---|---|
| 001 | ABS61741 | ||
| 008 | 000000n2000 000 0 eng u | ||
| 035 | _a(Sirsi) u103825 | ||
| 100 | _aHamson, L. | ||
| 245 | _aGaining net advantage | ||
| 260 | _c2000 | ||
| 490 |
_aProperty Week _v65(2) 14 January 2000, 36-46(6) |
||
| 520 | _aSpecial report on the auctions market. Looks at the impact of the Internet on the industry, trends for 2000, and how the industry is attempting to change its image. | ||
| 590 | _aABS | ||
| 650 |
_aAuctioneering _96218 |
||
| 650 | _aINTERNET AUCTIONS | ||
| 650 | _aAUCTIONEERS | ||
| 650 | _aCONSTRUCTION FORECASTS | ||
| 650 |
_aAuctioneering _96218 |
||
| 700 | _aLawson, D. | ||
| 700 | _aEade, C. | ||
| 942 | _n0 | ||
| 999 |
_c62345 _d62345 |
||